Plan de desarrollo : (Registro nro. 5772)

Detalles MARC
000 -CABECERA
Campo de control 01065cam a2200253 i 4500
005 - FECHA Y HORA DE LA ULTIMA TRANSACCION
Campo de control 20160124112005.0
008 - ELEMENTOS DE LONGITUD FIJA—INFORMACION GENERAL
Campo de control 021104s2001 ck a r 00010 spa d
015 ## - NATIONAL BIBLIOGRAPHY NUMBER
National bibliography number ck-2001-xxxx
020 ## - ISBN
ISBN 9583327719
040 ## - FUENTE DE CATALOGACIÓN
Agencia catalogadora original la
Agencia transcriptora la
Agencia Modificadora CO-BoIAVH
041 0# - IDIOMA
Código de idioma para texto/pista de sonido o título separado Español
043 ## - GEOGRAPHIC AREA CODE
Geographic area code s-ck---
082 04 - NUMERO DE CLASIFICACION DECIMAL DEWEY
Número de clasificación 338.986196
Número del ítem C17p
110 1# - ASIENTO PRINCIPAL--NOMBRE CORPORATIVO
Nombre corporativo o de jurisdicción como elemento de entrada Casanare (Colombia).
Unidad subordinad Gobernación.
-- Departamento Administrativo de Planeación.
9 (RLIN) 54674
245 10 - MENCION DE TITULO
Título Plan de desarrollo :
Parte restante del título Casanare con alma de pueblo, 2001-2003 /
Mención de responsabilidad Gobernación de Casanare. Departamento Administrativo de Planeación.
260 ## - PUBLICACION, DISTRIBUCION, ETC. (PIE DE IMPRENTA)
Lugar de publicación, distribución, etc. Casanare :
Nombre del editor, distribuidor, etc. K & M Comunicaciones,
Fecha de publicación, distribución, etc. 2001.
300 ## - DESCRIPCION FISICA
Extensión 128 páginas :
Otros detalles físicos ilustraciones y diagramas ;
Dimensiones 23 cm.
650 14 - ASIENTO SECUNDARIO DE MATERIA - TERMINO TEMATICO
Término temático o nombre geográfico como elemento de entrada Planes de desarrollo
Subdivisión geográfica Casanare (Colombia)
Subdivisión cronológica 2001-2003.
9 (RLIN) 54675
650 24 - ASIENTO SECUNDARIO DE MATERIA - TERMINO TEMATICO
Término temático o nombre geográfico como elemento de entrada Planificación regional
Subdivisión geográfica Casanare (Colombia)
Subdivisión cronológica 2001-2003.
9 (RLIN) 54676
650 24 - ASIENTO SECUNDARIO DE MATERIA - TERMINO TEMATICO
Término temático o nombre geográfico como elemento de entrada Desarrollo sostenible
Subdivisión geográfica Casanare (Colombia)
Subdivisión cronológica 2001-2003.
9 (RLIN) 54677
650 24 - ASIENTO SECUNDARIO DE MATERIA - TERMINO TEMATICO
Término temático o nombre geográfico como elemento de entrada Programas de desarrollo
Subdivisión geográfica Casanare (Colombia)
Subdivisión cronológica 2001-2003.
9 (RLIN) 54678
942 ## - ELEMENTOS ADICIONALES (KOHA)
Sistema de clasificación Dewey Decimal Classification
Tipo de ítem Libro
949 ## - LOCAL PROCESSING INFORMATION (OCLC)
a c
b c
Existencias
Withdrawn status Lost status Sistema de Clasificación Damaged status No para préstamo Colección Inventariado Ubicación Permanente Ubicación actual Fecha de adquisición Fuente de Valor Valor Total Checkouts Número topográfico Inventario / Código de Barras Date last seen Ejemplar Price effective from Tipo de material
    Dewey Decimal Classification     General Inventariado 2017 Bogotá Bogotá 16/08/2007 Instituto 39000.00   LB-338.986196 C17p 025046 04/12/2012 Ej.1 04/12/2012 Libro